00385nam a2200121Ia 4500008004100000245007000041260004500111260000900156300000900165500001300174650001300187856006300200170516s9999 xx 000 0 und d aOptimization of indomethacin loaded nanostructured lipid carriers bAsian Journal of Pharmaceutical Sciences c2016 a11:1 aFebruary xPharmacy uhttp://www.sciencedirect.com/science/journal/18180876/11/1